History Quiz

Random History or Sporcle Quiz

3 keywords 1 person Quiz Stats

 Plays Quiz not verified by Sporcle

Score 0/20 Timer 06:00
0 Plays Today
Keywords Famous Person % Correct
Flood + Ark + Ararat Noach
79.9%
The First Lady of Civil Rights + Montgomery Bus Boycott + On Time Magazine 20th century listRosa Parks
79.5%
The King + Drugs + Jailhouse RockElvis Presley
78.6%
A list + a film + a Jew SaverOskar Schindler
77.2%
India or America? + Santa Maria + EggChristopher Columbus
76.3%
Famous Weirdo with a Beardo + On The Origin of Species + HMS BeagleCharles Darwin
75%
Most famous ears + Fantasia + Planet as pet dogMickey Mouse
73.2%
Folsom + Joaquin Phoenix + NashvilleJohnny Cash
72.8%
Atomic bomb + President + Holiday named after himHarry Truman
71%
Spirit of St. Louis + Kidnapping + OceanCharles Lindbergh
67.4%
Keywords Famous Person % Correct
The Old Man and the Sea + Nobel Prize in Literature + SuicideErnest Hemingway
63.4%
Archduke of Austria-Este + Assassination + BandFranz Ferdinand
60.7%
Don Corleone + Oscar Refusal + Mumbling method actorMarlon Brando
58.9%
The Untouchables + Mobster + Saint Valentine's Day massacreAl Capone
47.8%
Power Plant owner + Yellow + ExcellentMr. Burns
42.9%
Twin Peaks + Joseph Merrick + 0 wins and 4 nominationsDavid Lynch
24.6%
Nobel Prize in Physics winner + Own constant = 6.626 068 96 x 10-34 J/s + Quantum TheoryMax Planck
23.2%
Copenhagen + Disney Movie + an ugly animalHans Christian Andersen
19.2%
Upside down + One of twelve + CockSaint Peter
16.1%
Doll + Butcher + Che GuevaraKlaus Barbie
5.4%

You're not logged in!

Compare scores with friends on all Sporcle quizzes.
OR
Log In

Show Comments

Extras

Top Quizzes Today


Score Distribution

Your Account Isn't Verified!

In order to create a playlist on Sporcle, you need to verify the email address you used during registration. Go to your Sporcle Settings to finish the process.

Report this User

Report this user for behavior that violates our Community Guidelines.

Details: